00554 2200217 4500001002100000005001700021008004100038020001800079035002400097090002100121100001500142245003800157250001000195260002700205300002400232650003100256850001500287980001300302985000600315999001500321YOGYA-0209000006078320090227035836.0 ind  a979-404-027-4 0010-020900000060783 a746.41bGar BlT aGARHA, Oho aBerbagai motif anyamancOho Garha aCet.2 aBandungbAngkasac1990 a71 hlmbilusc21 cm aKerajinan tangan - Anyaman aYOPDYOG(B) a17-09-08 a1 a95P0067502